00917nam a2200277 a 450000500170000000800410001701000140005802000260007203500130009803700150011104000180012608200100014410000180015424500510017226000360022327000470025930000290030650000200033565000250035565000260038065000200040665000290042694200240045599900170047995201430049620090622111820.0931108s1994 nyua b 000 0 eng  aENG-94177 a9788120337176c395.00 aEN-77710 bDBAD / PUB adplbEnglish  a657.3 aSinha, Gokul  aFinancial statement analysis /cby Gokul Sinha aNew Delhi bPHI Learning c2009 aM-97 Connaught Circus bNew Delhi e110001 axiv, 617 p. c25cm(pbk)  aIncludes index  aInvestment analysis. aFinancial statements. aRate of return. aCorporationsxValuation. 2ddccENh657.3mSIN c27732d27732 00102ddc40718NFICaDBADbDBADd2009-06-22eDBAD / PUBg395.00l0o657.3 SINpEN-77710r2009-06-22 00:00:00t1v395.00w2009-06-22yEN